000 00529nam a2200181Ia 4500
008 240729s9999 xx 000 0 und d
022 _a1456-7865
245 0 _aInternational Journal of Bioelectromagnetism
260 _aFinland
260 _bInternational Society for Bioelectromagnetism
650 _a Medical technology | Science
650 _a Medicine (General)
650 _a Physiology
650 _aMedicine
856 _uhttps://doaj.org/toc/442a2d637e64478baa6d08a723dd10e3
942 _2ddc
942 _cDOAJEJ
999 _c72109
_d72109
945 _a1
_bMadushi Gamage
_c1
_dMadushi Gamage